| 000 | 00373pab a2200133 454500 | ||
|---|---|---|---|
| 008 | 180718b xxu||||| |||| 00| 0 eng d | ||
| 100 | _aAcres, Paul | ||
| 245 | _aThe Royal commission - catailysm or catalyst? | ||
| 650 | _a Police Criminal Investigation | ||
| 650 | _a Royal Commission | ||
| 650 | _aCriminal Investigation - U.K. | ||
| 773 | _aPolice Journal | ||
| 909 | _a21331 | ||
| 999 |
_c21331 _d21331 |
||